| 000 -УДИРДЛАГА |
| Удирдлага |
02980nam a2200373 4500 |
| 003 - ХЯНАЛТЫН ТОО ТОДОРХОЙЛОГЧ |
| Код |
MN-UlNUM |
| 005 - БИЧИЛТ ХИЙСЭН ОГНОО |
| Тухайн бичилтийг бичсэн засварласан сүүлийн огноо |
20251021140232.0 |
| 008 - ЕРӨНХИЙ МЭДЭЭЛЭЛ |
| Ерөнхий мэдээлэл |
251015s1971 nyuj|||b |||| 001 | eng d |
| 020 ## - ISBN |
| ISBN |
0231033516 |
| -- |
9780231033510 |
| 040 ## - БИЧЛЭГ ҮҮСГЭГЧ БАЙГУУЛЛАГА |
| Бичлэг үүсгэгч номын сангийн код |
МУИС-ийн номын сан |
| 084 ## - ББК АНГИЛАЛ |
| Нэмэлт тусгалт |
Нэг сэдэвт бүтээл |
| Мэдлэгийн ялгаа |
63 - Түүх |
| ББК ангилал |
63.3(1) |
| Зохиогчийн гурван тэмдэгт |
R 24 |
| 100 0# - ЗОХИОГЧ |
| Зохиогчийн нэр |
Rashīd al-Dīn Ṭabīb |
| 240 ## - Шифр - Номын наалт, тайланд хэрэглэх |
| Ангилалын дугаар /Зохиогчийн 3 тэмдэгт |
Jāmiʻ al-tavārīkh |
| 245 14 - ҮНДСЭН ГАРЧИГ |
| Номын нэр |
The successors of Genghis Khan |
| Оролцогчдын тухай мэдээ |
Translated from the Persian by John Andrew Boyle |
| 260 ## - ГАРАЛТЫН МЭДЭЭ |
| Хэвлэгдсэн газар |
New York |
| Хэвлэлийн газар |
Columbia University Press |
| Хэвлэгдсэн он |
1971 |
| 300 ## - МАТЕРИАЛЫН ТОДОРХОЙЛОЛТ |
| хуудасны тоо |
xi, 372 p. |
| Бусад тоон мэдээлэл |
geneal. tables. |
| Хэмжээ |
23 cm. |
| 500 ## - Тайлбар |
| Дансны дугаар |
ГФ 20893 |
| 505 ## - Агуулгын тэмдэглэгээ |
| Агуулгын тэмдэглэгээ |
This is the first of a projected four-volume series which aims at a com plete translation of the first section of Rashld-al Din’s great world history. This section, which deals with the Turkish and Mongol tribes, Genghis Khan and his ancestors, the successors of Genghis Khan, and finally the Ilkhans of Persia, is the most original section of Rashîd-alDin’s unique achievement. It is based on first-hand information and native sources, much of which is now lost. The second section of Rashid al-Din’s history represents the author’s successful attempt at writing for the first time a universal history. Beginning with Adam and the Patriarchs, this section “ recounts the history of the pre-Islamic kings of Persia; of Muhammad and the Caliphate down to its extinction by the Mongols in 1258; of the postMuhammadan dynasties of Persia; of Oghuz and his descendants, the Turks; of the Chinese; of the Jews; of the Franks and their Emperors and Popes; and of the Indians, with a detailed account of Buddha and Buddhism.” The translation of the above section will follow the translation of the first in the Persian Heritage Series. |
| 546 ## - ХЭЛНИЙ ТУХАЙ МЭДЭЭ |
| Хэл |
Англи хэл дээр, |
| 653 ## - Түлхүүр үг |
| Түлхүүр үг |
history |
| 653 ## - Түлхүүр үг |
| Түлхүүр үг |
history of Mongolia |
| 653 ## - Түлхүүр үг |
| Түлхүүр үг |
Mongol tribes |
| 740 ## - НОМЫН ГАРЧИГ |
| Гарчиг |
Beginning of the history of ögetei qa'an , the Son of Chingiz-Khan: History of Ögetei Qa'an, which is in Three Parts |
| 740 ## - НОМЫН ГАРЧИГ |
| Гарчиг |
History of Jochi khan, son of Chingiz-Khan, which is in Three Parts |
| 740 ## - НОМЫН ГАРЧИГ |
| Гарчиг |
History of Chaghatai khan, the son of Chingiz-Khan, which is in Three Parts |
| 740 ## - НОМЫН ГАРЧИГ |
| Гарчиг |
Beginning of the history of tolui khan, the Son of Chingiz-Khan: History of Tolui Khan, which is in Three Parts |
| 740 ## - НОМЫН ГАРЧИГ |
| Гарчиг |
History of Güyük khan, the Son of Ögetei Qa'an, the Son of Chingiz-Khan |
| 740 ## - НОМЫН ГАРЧИГ |
| Гарчиг |
Beginning of the history of Möngke qa'an, the Son of Tolui Khan, the Son of Chingiz-Khan: History of Möngke Qa'an, which is in Three Parts |
| 740 ## - НОМЫН ГАРЧИГ |
| Гарчиг |
Beginning of the history of qubilai qa'an, the Son of Tolui Khan, the Son of Chingiz-Khan: History of Qubilai Qa'an |
| 740 ## - НОМЫН ГАРЧИГ |
| Гарчиг |
Beginning of the history of temür qa'an, the Son of Jim-Gim, the Son of Qubilai Qa'an, the Son of Tolui Khan, the Son of Chingiz-Khan: History of Temür Qa'an, which History is in Three Parts |
| 942 ## - ЭЛЕМЕНТИЙН ТӨРӨЛ |
| Зүйлийн төрөл |
Ном |